000 00219 a2200097 4500
001 57380
100 _a
245 _aOrganizational Behaviour
260 _aSingapore
_bMcgraw Hill
_c1995
090 _c35140
_d35140
942 _aNUST-CAE
_cMONOGRAPH
_c27937
999 _c292453
_d292453